Southville International School and Colleges
Your cart is empty.
  • Cart
  • Lists
    Public lists list_1 View all
    Your lists Log in to create your own lists
  • Log in to your account
  • Your cookies
  • Search history
Southville International School and Colleges
  • Advanced search
  • Recent comments
  • Most popular
  • Libraries

Log in to your account

Log in with GOOGLE


If you do not have an external account, but do have a local account, you can still log in:

  1. Home
  2. MARC view: Two's company /
Normal view MARC view ISBD view

Two's company / (Record no. 105613)

[ view plain ]
MARC details
000 -LEADER
fixed length control field 00602nam a2200169 a 4500
005 - DATE AND TIME OF LATEST TRANSACTION
control field 20140412111409.0
008 - FIXED-LENGTH DATA ELEMENTS--GENERAL INFORMATION
fixed length control field 070807s19uu xx 00 eng d
020 ## - INTERNATIONAL STANDARD BOOK NUMBER
International Standard Book Number 0-670-84876-x
050 ## - LIBRARY OF CONGRESS CALL NUMBER
Classification number ER
Item number Tw93 1995
100 ## - MAIN ENTRY--PERSONAL NAME
Personal name Benjamin, Amanda
245 ## - TITLE STATEMENT
Title Two's company /
Statement of responsibility, etc by Amanda Benjamin.
260 ## - PUBLICATION, DISTRIBUTION, ETC. (IMPRINT)
Place of publication, distribution, etc Mexico :
Name of publisher, distributor, etc Penguin books,
Date of publication, distribution, etc 1995.
520 ## - SUMMARY, ETC.
Summary, etc Feeling threatened by the posibility of her mothers remarriage. Maddy copes by planning her own wedding to her lizard friend little Adam zurka.
650 ## - SUBJECT ADDED ENTRY--TOPICAL TERM
Topical term or geographic name as entry element Remarriage
General subdivision Fiction.
650 ## - SUBJECT ADDED ENTRY--TOPICAL TERM
Topical term or geographic name as entry element Mother's and daughters
General subdivision Fiction.
Holdings
Withdrawn status Lost status Damaged status Home library Current library Shelving location Date acquired Source of acquisition Total Checkouts Full call number Barcode Date last seen Price effective from Koha item type
      Elizalde Library Elizalde Library Easy Reading Section 08/07/2007     ER Tw93 1995 E10440 04/12/2014 04/12/2014 Books

Two's company /

APA

Benjamin A., . (1995). Two's company. Mexico: Penguin books.

Chicago

Benjamin Amanda, . 1995. Two's company. Mexico: Penguin books.

Harvard

Benjamin A., . (1995). Two's company. Mexico: Penguin books.

MLA

Benjamin Amanda, . Two's company. Mexico: Penguin books. 1995.

  • Place hold
  • Print
  • Cite
  • Add to your cart (remove)
  • Save record
    BIBTEX Dublin Core MARCXML MARC (non-Unicode/MARC-8) MARC (Unicode/UTF-8) MARC (Unicode/UTF-8, Standard) MODS (XML) RIS
  • More searches
    Search for this title in:
    Other Libraries (WorldCat) Other Databases (Google Scholar) Online Stores (Bookfinder.com) Open Library (openlibrary.org)

Exporting to Dublin Core...

SOUTHVILLE LIBRARY

Southville International School and Colleges Library

1281 Tropical Ave. Cor. Luxembourg St., BF Homes International, Las Pinas City

Tel. No. 8256374 / 252358 Loc. 117/146

Powered by Koha